000 00348 a2200157 4500
001 58629
020 _a8588487055
040 _cAnchieta - Pituba
100 _aRocha, Gustavo Eduardo Teixeira da
240 1 0 _aA quarta pedra
_lpor
245 1 0 _aA quarta pedra
300 _a144
362 0 _a2002
650 4 _aFicção brasileira
942 _cBK
999 _c58629
_d58629